000 00932nam0a2200289 4500
001 RU\NLR\bibl\1383545
005 20250615194247.0
010 _a978-5-17-056557-3
_bАСТ
010 _a978-5-403-00138-0
_bАСТ МОСКВА
_92000
021 _aRU
_b2009-28653
_91715
035 _a(NLR Aleph) 001375620
090 _a1069514
_c1069514
100 _a20090619d2009 |||y0rusy50 ca
101 1 _arus
_ceng
102 _aRU
105 _ay |||||||||
200 1 _aМой единственный рыцарь
_eроман
_fДжулия Лейтем
_g[пер. с англ. А.А. Помогайбо]
210 _aМосква
_cАСТ
_cАСТ Москва
_d2009
215 _a317, [1] с.
_d20
225 1 _aНаслаждение
700 1 _aЛейтем
_bД.
_gДжулия
_4070
801 0 _aRU
_bNLR
_c20090619
_gRCR
801 1 _aRU
_bNLR
_c20090619
830 _aпо кн
942 _cBOOK
980 _aNB